000 00609nam a22002057a 4500
005 20241213144230.0
010 _aENG- 143055
020 _c249.00
_a9789356685277
035 _aEN-126587
037 _bDBAD
082 _a158.1
100 _aKhoja, Karishma
_975158
245 _aEmotional Leadership/
_cby Karishma Khoja
_bFor Data - Driven Leaders
250 _aFirst
260 _aIndia
_bBluerose Publishers
_c2023
270 _bIndia
_minfo@bluerosepublishers.com
_k8882898898
_k4407342408967
300 _a107p.
_c21cm(pbk)
700 _975124
942 _2ddc
_cEN
_h158.1
_mKHO
_e1
999 _c207688
_d207688